|
|
|
|
| LEADER |
00000cam a2200000 7i4500 |
| 001 |
0000066003 |
| 005 |
20160829.0 |
| 008 |
160829 |
| 020 |
|
|
|a 9789833969272 (set)
|
| 020 |
|
|
|a 9789833969296
|
| 090 |
0 |
0 |
|a PR
|b MAL
|
| 100 |
1 |
|
|a Muhammad Umar
|
| 245 |
1 |
0 |
|a Kekalkan kebersihan udara
|c Muhammad Umar
|
| 260 |
|
|
|a Kuala Lumpur :
|b Jurus Prinsip ,
|c 2008
|
| 300 |
|
|
|a 28pg.
|
| 490 |
1 |
|
|a Siri pendidkan alam sekitar
|
| 650 |
|
0 |
|a Malay Fiction
|
| 650 |
|
0 |
|a Readers--Air
|
| 999 |
|
|
|a 0001055123
|b Book
|c Children Collection
|e Cawangan Taman Universiti
|
| 999 |
|
|
|a 0001055124
|b Book
|c Children Collection
|e Cawangan Segamat
|
| 999 |
|
|
|a 0001055125
|b Book
|c Children Collection
|e Cawangan Bukit Gambir
|